| 000 | 00377nam a2200145Ia 4500 | ||
|---|---|---|---|
| 008 | 150301s2014 xx 000 0 und d | ||
| 082 |
_a617.63 _bO14W |
||
| 100 | _aWHITE, STUART. C | ||
| 245 | _aORAL RADIOLOGY : PRINCIP;ES AND INTEREPRETATION | ||
| 250 | _a1ST | ||
| 260 |
_bELSEVIER PUBLICATION _aDELHI _c2014 |
||
| 300 | _a1-679 | ||
| 650 | _aRADIOLOGY | ||
| 942 |
_2ddc _cBK _06 |
||
| 999 |
_c6962 _d6962 |
||